[Event "TNT March op"]
[Site "Winnipeg CAN"]
[Date "2003.03.25"]
[Round "4"]
[White "Clory, Ron"]
[Black "Greenberg, Harley"]
[Result "1-0"]
[WhiteElo "1548"]
[BlackElo "1766"]
[PlyCount "67"]
[EventDate "2003.03.04"]
[EventType "swiss"]
[EventRounds "4"]
[EventCountry "CAN"]
[Source "ChessBase"]
[SourceDate "2003.11.25"]

1. Nf3 Nf6 2. g3 g6 3. Bg2 Bg7 4. O-O d5 5. d3 c5 6. Nbd2 Nc6 7. c4 O-O 8. a3
Re8 9. Rb1 a5 10. b3 e5 11. e4 dxc4 12. dxc4 Qd6 13. Bb2 Rd8 14. Qc2 Nd7 15.
Rfd1 Nd4 16. Nxd4 exd4 17. Nf1 Ne5 18. Ne3 d3 19. Qd2 Bh6 20. f4 Ng4 21. e5 Qd7
22. Nd5 Bg7 23. Nb6 Qf5 24. Nxa8 Qh5 25. h3 Nh6 26. g4 Nxg4 27. Nb6 Nh6 28.
Nxc8 Nf5 29. Qf2 Bh6 30. Nd6 Nh4 31. Rxd3 Bxf4 32. Qxf4 f5 33. Rbd1 Qe2 34.
Qxh4 1-0

[Event "TNT March op"]
[Site "Winnipeg CAN"]
[Date "2003.03.25"]
[Round "4"]
[White "Khedkar, Jay"]
[Black "Wasney, Mark"]
[Result "1/2-1/2"]
[WhiteElo "1938"]
[BlackElo "1674"]
[PlyCount "105"]
[EventDate "2003.03.04"]
[EventType "swiss"]
[EventRounds "4"]
[EventCountry "CAN"]
[Source "ChessBase"]
[SourceDate "2003.11.25"]

1. e4 c5 2. Nf3 d6 3. d4 cxd4 4. Nxd4 Nf6 5. Nc3 a6 6. Bg5 e6 7. f4 Qb6 8. Qd2
Qxb2 9. Nb3 Qa3 10. Bxf6 gxf6 11. Bd3 Nd7 12. Nb1 Qa4 13. c4 Qc6 14. Nc3 Nc5
15. Nd4 Nxd3+ 16. Qxd3 Qc5 17. Rd1 Bd7 18. Nb3 Qc7 19. O-O Rc8 20. Nd2 b5 21.
cxb5 Qxc3 22. Qxc3 Rxc3 23. b6 Rc8 24. Rb1 Bb5 25. Rfc1 Rb8 26. a4 Bxa4 27. Rc7
Bb5 28. b7 Kd8 29. Rbc1 Bd7 30. Nb3 Bh6 31. g3 Rg8 32. Kf2 e5 33. Kf3 exf4 34.
gxf4 Rg4 35. Rxd7+ Kxd7 36. Kxg4 Rxb7 37. Rc3 Bg7 38. Rd3 Rb5 39. Nd4 Rb6 40.
Nf5 Bf8 41. Ne3 Rc6 42. Kf5 Rc5+ 43. Kxf6 Bh6 44. Nd5 Ke8 45. Rb3 Kd7 46. Kxf7
Rb5 47. Rh3 Bxf4 48. Nxf4 Re5 49. Nd5 Kc6 50. Nf6 a5 51. Rxh7 a4 52. Rh8 Ra5
53. Nd5 1/2-1/2

[Event "TNT March op"]
[Site "Winnipeg CAN"]
[Date "2003.03.25"]
[Round "4"]
[White "Kwiatek, Jordan"]
[Black "Zaczek, Jonathan"]
[Result "1-0"]
[WhiteElo "1729"]
[BlackElo "1504"]
[PlyCount "63"]
[EventDate "2003.03.04"]
[EventType "swiss"]
[EventRounds "4"]
[EventCountry "CAN"]
[Source "ChessBase"]
[SourceDate "2003.11.25"]

1. d4 Nf6 2. Nf3 d5 3. c4 e6 4. cxd5 exd5 5. Nc3 Bb4 6. Qc2 O-O 7. Bg5 Be6 8.
e3 c6 9. Bd3 h6 10. Bh4 Nbd7 11. a3 Ba5 12. O-O Qb8 13. Bg3 Bc7 14. Bxc7 Qxc7
15. Rfc1 Rfe8 16. b4 Rac8 17. h3 a6 18. Na4 Ne4 19. Nc5 Nexc5 20. bxc5 Rb8 21.
Rab1 b5 22. cxb6 Rxb6 23. Rxb6 Qxb6 24. Qxc6 Qb3 25. Ne5 Nf6 26. Qxa6 Ne4 27.
Qb5 Rb8 28. Qxb3 Rxb3 29. Bxe4 dxe4 30. Ra1 Rc3 31. a4 h5 32. a5 1-0

[Event "TNT March op"]
[Site "Winnipeg CAN"]
[Date "2003.03.25"]
[Round "4"]
[White "Lipnowski, Samuel"]
[Black "Nikouline, Alexandre"]
[Result "1-0"]
[WhiteElo "2076"]
[BlackElo "2068"]
[PlyCount "141"]
[EventDate "2003.03.04"]
[EventType "swiss"]
[EventRounds "4"]
[EventCountry "CAN"]
[Source "ChessBase"]
[SourceDate "2003.11.25"]

1. e4 e5 2. Nf3 Nc6 3. Bb5 a6 4. Ba4 Nf6 5. O-O Be7 6. Re1 b5 7. Bb3 O-O 8. a4
Bb7 9. Nc3 Nd4 10. Nxd4 exd4 11. Nd5 Nxd5 12. Bxd5 Bxd5 13. exd5 Bd6 14. d3 c5
15. Qg4 f5 16. Qh5 g6 17. Qg5 Qc7 18. h4 Rae8 19. Bd2 Qd8 20. Qxd8 Rxd8 21.
axb5 axb5 22. Ra6 Bb8 23. Rb6 Rde8 24. Rxb5 Rxe1+ 25. Bxe1 Re8 26. Kf1 Bd6 27.
Rb6 Be5 28. Rb7 Rd8 29. Bd2 Kf7 30. Bg5 Bf6 31. Rc7 Bxg5 32. hxg5 Ke7 33. Rxc5
Kd6 34. Rc4 Kxd5 35. Ke2 Rb8 36. b3 Ra8 37. Kf3 Ra2 38. Kf4 Ra1 39. Rc8 Rc1 40.
g3 Re1 41. f3 Re2 42. b4 Re1 43. Rg8 Re7 44. b5 d6 45. Ra8 Kc5 46. Rc8+ Kxb5
47. Rc4 Re2 48. Rxd4 Rxc2 49. Rxd6 Kc5 50. Rd7 Rh2 51. Ke5 Kc6 52. Rd4 Rh3 53.
Rh4 Rxg3 54. Kf4 Rg1 55. Rxh7 Re1 56. Rf7 Re6 57. Rf6 Kd6 58. Rxe6+ Kxe6 59.
Ke3 Ke5 60. f4+ Kd5 61. Ke2 Kc5 62. Kd1 Kd4 63. Kd2 Kc5 64. Kc3 Kd5 65. d4 Ke4
66. Kc4 Kxf4 67. d5 Ke5 68. Kc5 f4 69. d6 Ke6 70. Kc6 f3 71. d7 1-0

[Event "TNT March op"]
[Site "Winnipeg CAN"]
[Date "2003.03.25"]
[Round "4"]
[White "Reimer, Bruce"]
[Black "Anderson, George"]
[Result "0-1"]
[WhiteElo "1318"]
[BlackElo "1535"]
[PlyCount "140"]
[EventDate "2003.03.04"]
[EventType "swiss"]
[EventRounds "4"]
[EventCountry "CAN"]
[Source "ChessBase"]
[SourceDate "2003.11.25"]

1. c4 b5 2. c5 e5 3. b4 Nc6 4. g3 Nxb4 5. Qb3 Bxc5 6. Bg2 c6 7. Nh3 a5 8. Ba3
a4 9. Qc3 Qe7 10. O-O d5 11. Rc1 Bxh3 12. Bxh3 Bd4 13. Qxb4 Qxb4 14. Bxb4 Bxa1
15. Rxc6 Ne7 16. Rb6 f5 17. Rxb5 Nc6 18. Bxf5 Nxb4 19. Rxb4 O-O 20. Be6+ Kh8
21. Bxd5 Rab8 22. Rxb8 Rxb8 23. Nc3 a3 24. Ne4 Rb1+ 25. Kg2 Re1 26. e3 Bb2 27.
h4 h6 28. Kf3 Kh7 29. Kg4 Kg6 30. f4 h5+ 31. Kf3 exf4 32. exf4 Bc1 33. Kf2 Rd1
34. Ke2 Rg1 35. Kf3 Kf5 36. Nd6+ Kf6 37. Ne4+ Ke7 38. Kf2 Rh1 39. Ke2 Rh2+ 40.
Nf2 Bxd2 41. Kxd2 Rxf2+ 42. Ke3 Rf1 43. Ke4 Kd6 44. Bb3 Re1+ 45. Kf3 Kc5 46.
Bg8 Kb4 47. g4 Rf1+ 48. Kg3 hxg4 49. Kxg4 Kc5 50. f5 Kd6 51. h5 Ke5 52. Be6 Kf6
53. Bc8 Ke5 54. Be6 Rg1+ 55. Kh4 Kf4 56. f6 Rh1+ 57. Bh3 gxf6 58. h6 Rb1 59.
Kh5 Rb5+ 60. Kg6 Ke5 61. h7 Rb8 62. Kg7 f5 63. Bxf5 Kxf5 64. h8=Q Rxh8 65. Kxh8
Ke4 66. Kg7 Kd4 67. Kf6 Kc3 68. Ke5 Kb2 69. Kd4 Kxa2 70. Kc3 Kb1 0-1

[Event "TNT March op"]
[Site "Winnipeg CAN"]
[Date "2003.03.25"]
[Round "4"]
[White "Rutter, Blair"]
[Black "Czarny, Keith"]
[Result "1-0"]
[WhiteElo "1703"]
[BlackElo "1657"]
[PlyCount "67"]
[EventDate "2003.03.04"]
[EventType "swiss"]
[EventRounds "4"]
[EventCountry "CAN"]
[Source "ChessBase"]
[SourceDate "2003.11.25"]

1. d4 f5 2. c4 Nf6 3. Nc3 g6 4. Nf3 Bg7 5. h3 O-O 6. Bf4 d6 7. Qc2 Nc6 8. Rd1
Qe8 9. d5 Nd8 10. e3 e5 11. dxe6 Nxe6 12. Bh2 Nc5 13. Be2 Nfe4 14. Nd5 Qd7 15.
O-O Ne6 16. b4 c6 17. Nf4 g5 18. Nxe6 Qxe6 19. c5 dxc5 20. Bc4 g4 21. hxg4 Nc3
22. Bxe6+ Bxe6 23. Rd6 Bc4 24. Re1 fxg4 25. Ne5 g3 26. Bxg3 Ne2+ 27. Kh2 Nxg3
28. Qxc4+ Kh8 29. Nf7+ Rxf7 30. Qxf7 Ne4 31. Rd7 Rg8 32. Red1 Nxf2 33. Qxf2
cxb4 34. Qf7 1-0

[Event "TNT May op"]
[Site "Winnipeg CAN"]
[Date "2003.05.06"]
[Round "1"]
[White "Babb, Jeff"]
[Black "Zaczek, Jonathan"]
[Result "1-0"]
[WhiteElo "2171"]
[BlackElo "1504"]
[PlyCount "61"]
[EventDate "2003.05.06"]
[EventType "swiss"]
[EventRounds "4"]
[EventCountry "CAN"]
[Source "ChessBase"]
[SourceDate "2003.11.25"]

1. e4 c5 2. Nc3 d6 3. g3 g6 4. Bg2 Bg7 5. d3 Nf6 6. Be3 Qb6 7. Nge2 Qxb2 8. O-O
Nc6 9. Rb1 Qa3 10. Qd2 a6 11. Bh6 O-O 12. Bxg7 Kxg7 13. f4 e5 14. f5 Nd4 15. g4
Nxg4 16. Nd5 f6 17. c3 Nxe2+ 18. Qxe2 Nh6 19. Rb6 Ng8 20. c4 Rd8 21. Qd2 Qa4
22. h4 Qe8 23. Nc7 Qd7 24. Nxa8 Ne7 25. Rbb1 gxf5 26. Nb6 Qe8 27. Nxc8 Rxc8 28.
exf5 Rc7 29. Rxb7 Rxb7 30. Bxb7 Nxf5 31. Rxf5 1-0

[Event "TNT May op"]
[Site "Winnipeg CAN"]
[Date "2003.05.06"]
[Round "1"]
[White "Gibson, Fred"]
[Black "Essery, Richard"]
[Result "0-1"]
[WhiteElo "1141"]
[BlackElo "1753"]
[PlyCount "44"]
[EventDate "2003.05.06"]
[EventType "swiss"]
[EventRounds "4"]
[EventCountry "CAN"]
[Source "ChessBase"]
[SourceDate "2003.11.25"]

1. d4 d5 2. c4 e6 3. Nc3 Nf6 4. Bg5 c5 5. e3 cxd4 6. Qxd4 Nc6 7. Qd2 d4 8. exd4
Nxd4 9. Be2 Be7 10. Be3 e5 11. Nf3 Nxf3+ 12. gxf3 Qxd2+ 13. Bxd2 Bf5 14. Nd1
O-O-O 15. Ne3 Bg6 16. Rd1 Bc5 17. b4 Bd6 18. c5 Bc7 19. O-O Nh5 20. Ng2 Bc2 21.
Rde1 Rxd2 22. Ne3 Rxe2 0-1

[Event "TNT May op"]
[Site "Winnipeg CAN"]
[Date "2003.05.06"]
[Round "1"]
[White "Greenberg, Harley"]
[Black "Arora, Prag"]
[Result "1-0"]
[WhiteElo "1766"]
[BlackElo "1165"]
[PlyCount "45"]
[EventDate "2003.05.06"]
[EventType "swiss"]
[EventRounds "4"]
[EventCountry "CAN"]
[Source "ChessBase"]
[SourceDate "2003.11.25"]

1. d4 d5 2. c4 dxc4 3. Nc3 Nc6 4. e3 Be6 5. d5 Bg4 6. Qxg4 Nb4 7. Qd1 Nd3+ 8.
Bxd3 cxd3 9. Qxd3 e5 10. Nf3 f6 11. O-O Ne7 12. Rd1 c5 13. d6 Nc6 14. Nb5 e4
15. Qxe4+ Qe7 16. dxe7 Bxe7 17. Nc7+ Kf7 18. Qe6+ Kf8 19. Nxa8 Nd8 20. Rxd8+
Bxd8 21. Nc7 Bxc7 22. Qc8+ Ke7 23. Qxh8 1-0

[Event "TNT May op"]
[Site "Winnipeg CAN"]
[Date "2003.05.06"]
[Round "1"]
[White "Khedkar, Jay"]
[Black "Taylor, Jasper"]
[Result "1-0"]
[WhiteElo "1938"]
[BlackElo "1483"]
[PlyCount "85"]
[EventDate "2003.05.06"]
[EventType "swiss"]
[EventRounds "4"]
[EventCountry "CAN"]
[Source "ChessBase"]
[SourceDate "2003.11.25"]

1. Nf3 c6 2. c4 d5 3. d4 Bf5 4. Nc3 Nf6 5. Bg5 e6 6. e3 Be7 7. Nh4 Bg4 8. Be2
Bxe2 9. Qxe2 O-O 10. O-O h6 11. Bxf6 Bxf6 12. Nf3 Nd7 13. e4 dxc4 14. e5 Be7
15. Qxc4 Rc8 16. a4 c5 17. Rad1 cxd4 18. Qxd4 Nb6 19. Qe4 Qc7 20. Nd4 a6 21. f4
Rfd8 22. Kh1 Nd5 23. Nxd5 Rxd5 24. Nf5 Rxd1 25. Nxe7+ Qxe7 26. Rxd1 Rd8 27. Rd4
Rxd4 28. Qxd4 Qc7 29. g3 Kf8 30. Kg2 Ke8 31. Kf3 Qd7 32. Qxd7+ Kxd7 33. Ke4 Kc6
34. Kd4 b5 35. a5 f6 36. g4 fxe5+ 37. Kxe5 Kd7 38. h4 Ke7 39. h5 Kd7 40. g5 Ke7
41. b4 Kd7 42. gxh6 gxh6 43. Kf6 1-0

[Event "TNT May op"]
[Site "Winnipeg CAN"]
[Date "2003.05.06"]
[Round "1"]
[White "Taylor, Evan"]
[Black "Cleto, Sam"]
[Result "0-1"]
[WhiteElo "1420"]
[BlackElo "1881"]
[PlyCount "54"]
[EventDate "2003.05.06"]
[EventType "swiss"]
[EventRounds "4"]
[EventCountry "CAN"]
[Source "ChessBase"]
[SourceDate "2003.11.25"]

1. e4 c6 2. d4 d5 3. Nc3 dxe4 4. Nxe4 Bf5 5. Ng3 Bg6 6. Bc4 e6 7. Nf3 Nd7 8.
O-O Be7 9. Re1 Ngf6 10. c3 h5 11. h3 Qc7 12. Qe2 h4 13. Nf1 O-O-O 14. Bg5 Bh5
15. Kh1 Kb8 16. a4 Nd5 17. Bxe7 Nxe7 18. Bd3 g5 19. N1h2 Nd5 20. Qf1 Nf4 21.
Be2 f5 22. Ng1 g4 23. hxg4 fxg4 24. Nxg4 Bxg4 25. Nf3 h3 26. g3 Nxe2 27. Qxe2
Rdf8 0-1

[Event "TNT May op"]
[Site "Winnipeg CAN"]
[Date "2003.05.13"]
[Round "2"]
[White "Anderson, George"]
[Black "Taylor, Evan"]
[Result "0-1"]
[WhiteElo "1535"]
[BlackElo "1420"]
[PlyCount "69"]
[EventDate "2003.05.06"]
[EventType "swiss"]
[EventRounds "4"]
[EventCountry "CAN"]
[Source "ChessBase"]
[SourceDate "2003.11.25"]

1. e4 c6 2. Bc4 d5 3. Bb3 e6 4. Nc3 Nd7 5. d4 Bb4 6. e5 Ne7 7. Nf3 O-O 8. O-O
c5 9. Ne2 c4 10. a3 Ba5 11. Ba2 b5 12. c3 Nc6 13. Bb1 f6 14. Qc2 f5 15. Bg5 Qe8
16. Nf4 h6 17. Bh4 Bd8 18. Bxd8 Qxd8 19. Nxe6 Qe7 20. Nxf8 Nxf8 21. b4 g5 22.
g3 Qg7 23. Kh1 f4 24. gxf4 Bg4 25. Nd2 Ne6 26. fxg5 Qf7 27. Qg6+ Qxg6 28. Bxg6
Nf4 29. gxh6 Kh8 30. Rg1 Nh3 31. Rxg4 Nxf2+ 32. Kg2 Nxg4 33. h7 Ne7 34. Bc2 Rf8
35. Rf1 0-1

[Event "TNT May op"]
[Site "Winnipeg CAN"]
[Date "2003.05.13"]
[Round "2"]
[White "Gibson, Fred"]
[Black "Tretiakov, Igor"]
[Result "0-1"]
[WhiteElo "1141"]
[BlackElo "1492"]
[PlyCount "58"]
[EventDate "2003.05.06"]
[EventType "swiss"]
[EventRounds "4"]
[EventCountry "CAN"]
[Source "ChessBase"]
[SourceDate "2003.11.25"]

1. d4 e6 2. c4 b6 3. d5 Bb7 4. e4 Nf6 5. Bg5 Be7 6. Nc3 Nxd5 7. Bxe7 Nxe7 8.
Bd3 O-O 9. Nge2 Nbc6 10. O-O Ne5 11. Nf4 Nxd3 12. Qxd3 Nc6 13. a3 Ne5 14. Qg3
Nxc4 15. b3 Nd2 16. Rfd1 Nxe4 17. Nxe4 Bxe4 18. f3 Bc2 19. Rd4 Bxb3 20. Nh5 g6
21. Rg4 Kh8 22. Qf4 gxh5 23. Rh4 f5 24. Rxh5 Qf6 25. Rb1 Bd5 26. Rb4 c5 27. Rh6
Qa1+ 28. Kf2 cxb4 29. Qg5 Qg7 0-1

[Event "TNT May op"]
[Site "Winnipeg CAN"]
[Date "2003.05.13"]
[Round "2"]
[White "Greenberg, Harley"]
[Black "Babb, Jeff"]
[Result "0-1"]
[WhiteElo "1766"]
[BlackElo "2171"]
[PlyCount "104"]
[EventDate "2003.05.06"]
[EventType "swiss"]
[EventRounds "4"]
[EventCountry "CAN"]
[Source "ChessBase"]
[SourceDate "2003.11.25"]

1. d4 d5 2. c4 Nc6 3. Nc3 dxc4 4. e3 Nf6 5. Bxc4 e6 6. a3 a6 7. Nf3 b5 8. Ba2
b4 9. Ne2 Bb7 10. O-O Bd6 11. Qc2 O-O 12. e4 e5 13. d5 Ne7 14. axb4 Ng6 15. Bd2
Qe7 16. Ng3 Bc8 17. Rfc1 Nf4 18. Be3 g6 19. Bc5 Rb8 20. Ba7 Rxb4 21. Bc5 Rb8
22. b4 Nd7 23. Rab1 h5 24. h4 Kg7 25. Kf1 f6 26. Bxd6 cxd6 27. Qa4 Nb6 28. Qa5
Bd7 29. Nd2 Bb5+ 30. Bc4 Nxc4 31. Rxc4 Rfc8 32. Rbc1 Qd8 33. Qxd8 Rxd8 34. Ne2
Bxc4 35. Rxc4 Nd3 36. Rc7+ Kf8 37. Rh7 Kg8 38. Ra7 Rxb4 39. Nc3 Rb2 40. Nc4
Rxf2+ 41. Kg1 Rc2 42. Rxa6 Rxc3 43. Nxd6 Nc5 44. Rc6 Rxd6 45. Rxd6 Nxe4 46.
Rd8+ Kf7 47. d6 Rc1+ 48. Kh2 Rd1 49. Rd7+ Ke6 50. Rg7 Rxd6 51. Rxg6 Kf5 52. Rg7
Rd2 0-1

[Event "TNT May op"]
[Site "Winnipeg CAN"]
[Date "2003.05.13"]
[Round "2"]
[White "Nikouline, Alexandre"]
[Black "Essery, Richard"]
[Result "0-1"]
[WhiteElo "2068"]
[BlackElo "1753"]
[PlyCount "64"]
[EventDate "2003.05.06"]
[EventType "swiss"]
[EventRounds "4"]
[EventCountry "CAN"]
[Source "ChessBase"]
[SourceDate "2003.11.25"]

1. e4 b6 2. d4 Bb7 3. Bd3 d6 4. Ne2 e6 5. c4 g6 6. Nbc3 Bg7 7. Be3 Ne7 8. Qd2
Nd7 9. O-O-O O-O 10. Bh6 f5 11. h4 fxe4 12. Nxe4 Bxh6 13. Qxh6 Nf5 14. Qg5
Qxg5+ 15. hxg5 d5 16. cxd5 exd5 17. N4c3 c5 18. f3 cxd4 19. Bxf5 Rxf5 20. Nxd4
Rxg5 21. Rd2 Re5 22. f4 Re7 23. Nf3 Nf6 24. Ne5 Nh5 25. Rd4 Nxf4 26. Ng4 Rf8
27. Kd2 h5 28. Ne3 Nxg2 29. Nexd5 Rf2+ 30. Kc1 Re1+ 31. Rxe1 Nxe1 32. Nf4 Rxf4
0-1

[Event "TNT May op"]
[Site "Winnipeg CAN"]
[Date "2003.05.13"]
[Round "2"]
[White "Pottinger, Carl"]
[Black "Khedkar, Jay"]
[Result "0-1"]
[WhiteElo "1582"]
[BlackElo "1938"]
[PlyCount "82"]
[EventDate "2003.05.06"]
[EventType "swiss"]
[EventRounds "4"]
[EventCountry "CAN"]
[Source "ChessBase"]
[SourceDate "2003.11.25"]

1. d4 d5 2. c4 e6 3. cxd5 exd5 4. Nc3 Nf6 5. Bg5 c6 6. e3 Nbd7 7. Nf3 Qa5 8.
Qc2 Ne4 9. Bd3 Nxg5 10. Nxg5 h6 11. Nf3 Nf6 12. h3 Bd6 13. O-O O-O 14. a3 Be6
15. b4 Qc7 16. Na4 Qe7 17. Nc5 Rac8 18. Rfc1 Rc7 19. Nd2 Bc8 20. Ndb3 Re8 21.
Qb2 Ne4 22. Bxe4 dxe4 23. Nd2 Qg5 24. Ndxe4 Qg6 25. Nxd6 Qxd6 26. Qc2 Qd5 27.
Qb3 Qg5 28. Kh2 Qh4 29. Rc2 g5 30. f3 h5 31. Kg1 Rce7 32. Re2 g4 33. hxg4 hxg4
34. fxg4 Bxg4 35. Rf2 Kg7 36. Raf1 f5 37. Rxf5 Bxf5 38. e4 Bxe4 39. Nxe4 Qxe4
40. Qg3+ Qg6 41. Qc3 Re3 0-1

[Event "TNT May op"]
[Site "Winnipeg CAN"]
[Date "2003.05.13"]
[Round "2"]
[White "Zaczek, Jonathan"]
[Black "Arora, Prag"]
[Result "1-0"]
[WhiteElo "1504"]
[BlackElo "1165"]
[PlyCount "51"]
[EventDate "2003.05.06"]
[EventType "swiss"]
[EventRounds "4"]
[EventCountry "CAN"]
[Source "ChessBase"]
[SourceDate "2003.11.25"]

1. e4 e5 2. Nf3 f6 3. Nxe5 fxe5 4. Qh5+ g6 5. Qxe5+ Qe7 6. Qxh8 Qxe4+ 7. Kd1
Qe6 8. Bd3 d6 9. Re1 Qxe1+ 10. Kxe1 Ne7 11. Qxh7 Nbc6 12. Bxg6+ Kd7 13. Qf7 Ne5
14. Bf5+ Kc6 15. Qxf8 Nxf5 16. d3 Nd4 17. Na3 Bf5 18. Qxa8 Kb6 19. Be3 Nec6 20.
c3 Bxd3 21. Bxd4+ Ka5 22. Qxb7 Ne5 23. Bxe5 dxe5 24. b4+ Ka4 25. Qxa7+ Ba6 26.
Qxa6# 1-0

[Event "TNT May op"]
[Site "Winnipeg CAN"]
[Date "2003.05.20"]
[Round "3"]
[White "Essery, Richard"]
[Black "Babb, Jeff"]
[Result "0-1"]
[WhiteElo "1753"]
[BlackElo "2171"]
[PlyCount "80"]
[EventDate "2003.05.06"]
[EventType "swiss"]
[EventRounds "4"]
[EventCountry "CAN"]
[Source "ChessBase"]
[SourceDate "2003.11.25"]

1. b3 g6 2. Bb2 Nf6 3. c4 Bg7 4. e3 d6 5. h3 e5 6. d3 Nc6 7. Nf3 O-O 8. Be2 Bd7
9. Nbd2 a6 10. O-O Qe7 11. Nh2 Rae8 12. a3 h6 13. Ng4 Nh5 14. Re1 f5 15. Nh2
Nf6 16. f4 exf4 17. exf4 Qe3+ 18. Kh1 Qxf4 19. Rf1 Qe3 20. Re1 Qa7 21. Ndf3 Nh5
22. d4 Ng3+ 23. Kg1 Nxe2+ 24. Rxe2 Rxe2 25. Qxe2 Nxd4 26. Nxd4 Bxd4+ 27. Kh1
Re8 28. Qd2 Bxb2 29. Qxb2 Qe3 30. Nf3 Qe7 31. Qd2 Qg7 32. Rd1 Bc6 33. Nd4 Be4
34. Qb4 c5 35. Qa4 Re7 36. Nf3 Qc3 37. Rxd6 Bxf3 38. Rxg6+ Kf7 39. Rxh6 Re1+
40. Kh2 Qe5+ 0-1

[Event "TNT May op"]
[Site "Winnipeg CAN"]
[Date "2003.05.20"]
[Round "3"]
[White "Gibson, Fred"]
[Black "Taylor, Jasper"]
[Result "1-0"]
[WhiteElo "1141"]
[BlackElo "1483"]
[PlyCount "51"]
[EventDate "2003.05.06"]
[EventType "swiss"]
[EventRounds "4"]
[EventCountry "CAN"]
[Source "ChessBase"]
[SourceDate "2003.11.25"]

1. d4 c6 2. c4 d5 3. Nf3 Bf5 4. Nc3 Nf6 5. Bg5 e6 6. e3 Be7 7. Bf4 O-O 8. c5
Nbd7 9. Be2 b6 10. b4 b5 11. a4 bxa4 12. Rxa4 a5 13. O-O axb4 14. Rxb4 Nh5 15.
Be5 Qa5 16. Qa4 Qxa4 17. Rxa4 Rxa4 18. Nxa4 Ra8 19. Nb6 Ra7 20. Nd2 Ndf6 21.
Nc8 Rd7 22. Ra1 Ne4 23. Ra8 Bf8 24. Ne7+ Rxe7 25. Nxe4 Bxe4 26. Bd6 1-0

[Event "TNT May op"]
[Site "Winnipeg CAN"]
[Date "2003.05.20"]
[Round "3"]
[White "Taylor, Evan"]
[Black "Pottinger, Carl"]
[Result "0-1"]
[WhiteElo "1420"]
[BlackElo "1582"]
[PlyCount "144"]
[EventDate "2003.05.06"]
[EventType "swiss"]
[EventRounds "4"]
[EventCountry "CAN"]
[Source "ChessBase"]
[SourceDate "2003.11.25"]

1. d4 d5 2. c4 e5 3. dxe5 d4 4. Nf3 Nc6 5. e3 Bb4+ 6. Nbd2 dxe3 7. fxe3 Bg4 8.
a3 Bxd2+ 9. Bxd2 Qd7 10. Be2 O-O-O 11. Bc3 Nge7 12. Qc2 Qf5 13. Qxf5+ Nxf5 14.
Kf2 Nh6 15. Ng5 Be6 16. Kg3 Nf5+ 17. Kf4 Nfe7 18. Rhf1 h6 19. Nxe6 fxe6 20. Bg4
Rdf8+ 21. Kg3 Nf5+ 22. Bxf5 Rxf5 23. Rxf5 exf5 24. Kf4 g6 25. Rf1 Nd8 26. e4
Ne6+ 27. Kf3 Ng5+ 28. Ke3 Nxe4 29. Be1 Re8 30. Kd4 Rd8+ 31. Ke3 Kd7 32. Rg1 Ke6
33. g4 Kxe5 34. gxf5 gxf5 35. Rg7 f4+ 36. Kf3 Rd3+ 37. Ke2 Re3+ 38. Kd1 f3 39.
Re7+ Kd6 40. Rf7 Ng5 41. Bg3+ Ke6 42. Rf4 Re2 43. Rf8 Rxb2 44. Re8+ Kf5 45.
Re5+ Kg4 46. Rd5 Kh3 47. Rd2 Rxd2+ 48. Kxd2 Ne4+ 49. Ke3 Nxg3 50. Kxf3 Kxh2 51.
Kg4 h5+ 52. Kh4 Kg2 53. Kg5 h4 54. Kxh4 Kf3 55. c5 Ne4 56. Kh5 Nxc5 57. Kg5 Ke4
58. Kf6 Kd5 59. Kf5 a5 60. Kf4 b5 61. Ke3 b4 62. axb4 axb4 63. Kd2 Kc4 64. Kc1
Na4 65. Kb1 Kc3 66. Kc1 c5 67. Kb1 c4 68. Kc1 b3 69. Kb1 Kb4 70. Kc1 c3 71. Kd1
b2 72. Ke1 b1=Q+ 0-1

[Event "TNT May op"]
[Site "Winnipeg CAN"]
[Date "2003.05.20"]
[Round "3"]
[White "Tretiakov, Igor"]
[Black "Cleto, Sam"]
[Result "0-1"]
[WhiteElo "1492"]
[BlackElo "1881"]
[PlyCount "100"]
[EventDate "2003.05.06"]
[EventType "swiss"]
[EventRounds "4"]
[EventCountry "CAN"]
[Source "ChessBase"]
[SourceDate "2003.11.25"]

1. e4 c6 2. d4 d5 3. Nc3 dxe4 4. Nxe4 Bf5 5. Ng3 Bg6 6. Nf3 h6 7. Ne5 Bh7 8.
Bc4 e6 9. O-O Nf6 10. c3 Be7 11. f4 Nbd7 12. Qf3 Qb6 13. Kh1 O-O 14. b4 a5 15.
bxa5 Rxa5 16. Nh5 Be4 17. Nxf6+ Nxf6 18. Qg3 Bf5 19. Bd3 Qd8 20. Bxf5 exf5 21.
Qh3 Qc8 22. Rg1 Ne4 23. Be3 Qe6 24. g4 Qd5 25. Rg2 fxg4 26. Nxg4 Qh5 27. Qxh5
Rxh5 28. Rag1 Rh3 29. f5 Kh8 30. Re1 Bh4 31. Nf2 Nxf2+ 32. Bxf2 Bxf2 33. Rxf2
Rxc3 34. Re7 b5 35. Kg2 Kg8 36. Rfe2 Rc4 37. R7e4 Rd8 38. Rd2 Rd5 39. Rf4 c5
40. h4 cxd4 41. Kf3 d3 42. Ke3 Kf8 43. Re4 Rxf5 44. Rxd3 Rxe4+ 45. Kxe4 Rh5 46.
Rh3 g5 47. Kf3 Rxh4 48. Rxh4 gxh4 49. Kg4 Kg7 50. Kxh4 Kg6 0-1

[Event "TNT May op"]
[Site "Winnipeg CAN"]
[Date "2003.05.20"]
[Round "3"]
[White "Zaczek, Jonathan"]
[Black "Nikouline, Alexandre"]
[Result "0-1"]
[WhiteElo "1504"]
[BlackElo "2068"]
[PlyCount "68"]
[EventDate "2003.05.06"]
[EventType "swiss"]
[EventRounds "4"]
[EventCountry "CAN"]
[Source "ChessBase"]
[SourceDate "2003.11.25"]

1. e4 e6 2. d4 d5 3. Nc3 Nf6 4. Bg5 Bb4 5. e5 h6 6. exf6 hxg5 7. fxg7 Rg8 8.
Qh5 Rxg7 9. Nf3 Nc6 10. Bb5 Bd7 11. Bxc6 Bxc6 12. O-O Bf8 13. Ne5 Qd6 14. f4
gxf4 15. Rxf4 O-O-O 16. Raf1 Be8 17. Qh8 f5 18. Ne2 c5 19. c3 Rc7 20. dxc5
Qxc5+ 21. Nd4 Bg7 22. Nd3 Qb6 23. Qh3 Bb5 24. Re1 Rh8 25. Rxe6 Bxd4+ 26. Rxd4
Qxd4+ 27. cxd4 Rxh3 28. gxh3 Bxd3 29. Rg6 Rh7 30. Rg3 Be4 31. Rc3+ Kd7 32. Kf2
f4 33. Ra3 a6 34. Rc3 Rg7 0-1

[Event "TNT May op"]
[Site "Winnipeg CAN"]
[Date "2003.05.27"]
[Round "4"]
[White "Anderson, George"]
[Black "Gibson, Fred"]
[Result "1-0"]
[WhiteElo "1548"]
[BlackElo "1143"]
[PlyCount "103"]
[EventDate "2003.05.06"]
[EventType "swiss"]
[EventRounds "4"]
[EventCountry "CAN"]
[Source "ChessBase"]
[SourceDate "2003.11.25"]

1. e4 c5 2. d4 cxd4 3. Bd3 e5 4. f4 d5 5. Nf3 dxe4 6. Bxe4 Bg4 7. O-O Nc6 8.
Qe1 f5 9. Bxc6+ bxc6 10. Nxe5 Be7 11. Nxc6 Qb6 12. Nxe7 Nxe7 13. Kh1 Qd6 14.
Bd2 O-O 15. Bb4 Qd7 16. Qxe7 Qxe7 17. Bxe7 Rf7 18. Bd6 Rd7 19. Be5 Bh5 20. Na3
Be2 21. Rfe1 Ba6 22. Rad1 Re8 23. h3 h5 24. b3 Kf7 25. Nc4 Re6 26. Bb8 Bxc4 27.
Rxe6 Bxe6 28. Be5 g6 29. Rxd4 Rxd4 30. Bxd4 a6 31. Kg1 Ke7 32. Kf2 Bd5 33. c4
Be4 34. h4 Kd7 35. g3 Bb1 36. a3 Ba2 37. b4 Bxc4 38. Ke3 Kd6 39. a4 Kd5 40. Bc3
Bb3 41. b5 Bxa4 42. bxa6 Bc6 43. a7 Kc4 44. Ba5 Kd5 45. Bc7 Bb7 46. Bd8 Bc6 47.
Kd3 Ba8 48. Kc3 Ke4 49. Kc4 Kf3 50. Kd4 Kxg3 51. Bg5 Kf3 52. Ke5 1-0

[Event "TNT May op"]
[Site "Winnipeg CAN"]
[Date "2003.05.27"]
[Round "4"]
[White "Babb, Jeff"]
[Black "Khedkar, Jay"]
[Result "1/2-1/2"]
[WhiteElo "2171"]
[BlackElo "1948"]
[PlyCount "99"]
[EventDate "2003.05.06"]
[EventType "swiss"]
[EventRounds "4"]
[EventCountry "CAN"]
[Source "ChessBase"]
[SourceDate "2003.11.25"]

1. e4 e5 2. Nc3 Nf6 3. Bc4 Nxe4 4. Qh5 Nd6 5. Bb3 g6 6. Qxe5+ Qe7 7. Qxe7+ Bxe7
8. Nd5 Bd8 9. d4 O-O 10. Bf4 Re8+ 11. Ne2 Nc6 12. c3 b6 13. Bxd6 cxd6 14. Kd2
Na5 15. Rae1 Bb7 16. Ne3 Nxb3+ 17. axb3 Bg5 18. f4 Bh4 19. Ng3 Re7 20. Nc4 Rae8
21. Rxe7 Rxe7 22. Ra1 Bxg2 23. Rxa7 Bd5 24. Nxb6 Bxb3 25. Ra3 Be6 26. Nc8 Re8
27. Nxd6 Rb8 28. b4 f5 29. Kd3 Be7 30. Ra6 h5 31. Nc4 Kg7 32. Ne3 h4 33. Ne2
Rb5 34. Ra5 Rb7 35. d5 Bf7 36. Ra6 d6 37. Nd4 Kf6 38. Ra8 g5 39. fxg5+ Kxg5 40.
Ra1 f4 41. Rg1+ Kh5 42. Nef5 Bxd5 43. Ne6 Bxe6 44. Ng7+ Kh6 45. Nxe6 f3 46. Ke3
Bf6 47. Kxf3 Bxc3 48. Nf4 Rxb4 49. Rg6+ Kh7 50. Rxd6 1/2-1/2